| 000 | 00778cab a2200205 4500 | ||
|---|---|---|---|
| 001 | ABS43693 | ||
| 008 | 090401t1990 xxu||||| |||| 00| 0 eng d | ||
| 035 | _a(Sirsi) u43038 | ||
| 041 | _aeng | ||
| 100 | _aLe Chat, G. | ||
| 245 | _aOptions to determine - pitfalls to avoid | ||
| 260 | _c1990 | ||
| 350 | _a0 | ||
| 490 |
_aEstates Gazette _v(9043) 27 October 1990, 51-54(2) |
||
| 520 | _aConsiders clauses in business tenancies giving the landlord, the tenant or both parties the right to determine the lease on a specific date or dates before the expiration of the lease term or on the happening of some event and points out pitfalls to be avoided. | ||
| 650 | _aDETERMINATION | ||
| 690 | _aLANDLORD AND TENANT-BUSINESS TENANCIES | ||
| 942 | _n0 | ||
| 948 | _c04/03/1997 | ||
| 999 |
_c27522 _d27522 |
||